000 00708nam a2200217 a 4500
001 000029950
005 20240305100318.0
008 110427s2010 dr 000 p spa d
020 _a9789945420821
040 _aDO-SdBNP
_bspa
_cBNPHU
041 1 7 _aspa
_beng
_bpor
_bfre
082 _axxx
_bG754g
100 1 _aGrando, Cristiane,
_d1974-
_924064
245 1 0 _aGardens /
_cCristiane Grando ; traducción Espérance Aniesa, María Luisa Santoni.
260 _aSanto Domingo :
_bAngeles de Fierro,
_c2010.
300 _a55 p. ;
_c16 cm.
500 _aTextos en español, portugues, ingles y frances
700 1 _aAniesa, Espérance,
_etr.
_9824
700 1 _aSantoni, María Luisa,
_etr.
_91320
049 _aBNPD
999 _c29442
_d29442